Math, bk. 1 : (Record no. 105378)
[ view plain ]
| 000 -LEADER | |
|---|---|
| fixed length control field | 00603nam a2200169 a 4500 |
| 005 - DATE AND TIME OF LATEST TRANSACTION | |
| control field | 20140412111354.0 |
| 008 - FIXED-LENGTH DATA ELEMENTS--GENERAL INFORMATION | |
| fixed length control field | 050427s19uu xx 00 eng d |
| 050 ## - LIBRARY OF CONGRESS CALL NUMBER | |
| Classification number | TR(GS 372.7 |
| Item number | C26 1987 |
| 100 ## - MAIN ENTRY--PERSONAL NAME | |
| Personal name | Casolaro, Nancy |
| 245 ## - TITLE STATEMENT | |
| Title | Math, bk. 1 : |
| Remainder of title | to develop your child's gift and talents / |
| Statement of responsibility, etc | written by Nancy Casolaro ; illustrated by Susan Amerikaner and Ann Laner. |
| 260 ## - PUBLICATION, DISTRIBUTION, ETC. (IMPRINT) | |
| Place of publication, distribution, etc | New York : |
| Name of publisher, distributor, etc | Playmore Inc. Publishers and Waldman Pub. Corp, |
| Date of publication, distribution, etc | 1987. |
| 300 ## - PHYSICAL DESCRIPTION | |
| Extent | 48 p. |
| 440 ## - SERIES STATEMENT/ADDED ENTRY--TITLE | |
| Title | Gifted & Talented Workbooks |
| 500 ## - GENERAL NOTE | |
| General note | ages 6-8 |
| 650 ## - SUBJECT ADDED ENTRY--TOPICAL TERM | |
| Topical term or geographic name as entry element | Mathematics |
| General subdivision | Study and teaching |
| Withdrawn status | Lost status | Damaged status | Home library | Current library | Shelving location | Date acquired | Source of acquisition | Total Checkouts | Full call number | Barcode | Date last seen | Price effective from | Koha item type |
|---|---|---|---|---|---|---|---|---|---|---|---|---|---|
| Elizalde Library | Elizalde Library | Teachers Reference Section | 04/27/2005 | TR(GS 372.7 C26 1987 | E9952 | 04/12/2014 | 04/12/2014 | Books |